Intercambio educativo internacional (Record no. 5288)

MARC details
000 -LEADER
campo de control de longitud fija 01053nmc a2200265 a 4500
003 - IDENTIFICADOR DE NÚMERO DE CONTROL
campo de control AR-BaBNM
005 - FECHA Y HORA DE LA ÚLTIMA TRANSACCIÓN
campo de control 20251128203856.0
008 - DATOS DE LONGITUD FIJA--INFORMACIÓN GENERAL
campo de control de longitud fija 126019s1968 ||||||||||||||000 | spa||
040 ## - FUENTE DE CATALOGACIÓN
Centro/agencia transcriptor AR-BaBNM
100 1# - ENTRADA PRINCIPAL--NOMBRE DE PERSONA
Nombre de persona Speakman, Cummins E
245 10 - MENCIÓN DEL TÍTULO
Título Intercambio educativo internacional
260 ## - PUBLICACIÓN, DISTRIBUCIÓN, ETC.
Lugar de publicación, distribución, etc. Buenos Aires
Nombre del editor, distribuidor, etc. Centro Regional de Ayuda Técnica. Agencia para el Desarrollo Internacional
-- Troquel
Fecha de publicación, distribución, etc. 1968
300 0# - DESCRIPCIÓN FÍSICA
Extensión 150 p.
490 #0 - MENCIÓN DE SERIE
Mención de serie Biblioteca de la nueva educación
500 1# - NOTA GENERAL
Nota general La presente edición es obra del Centro Regional de Ayuda Técnica, Agencia para el Desarrollo Internacional, Departamento de Estado del Gobierno de los Estados Unidos de América. El Centro es una organización dedicada a la producción de versiones en españo
504 ## - NOTA DE BIBLIOGRAFÍA, ETC.
Nota de bibliografía, etc. Nota Bibliografía: p. 139-141
650 #4 - PUNTO DE ACCESO ADICIONAL DE MATERIA--TÉRMINO DE MATERIA
Término de materia o nombre geográfico como elemento de entrada ESTUDIANTES EXTRANJEROS
650 #4 - PUNTO DE ACCESO ADICIONAL DE MATERIA--TÉRMINO DE MATERIA
Término de materia o nombre geográfico como elemento de entrada INTERCAMBIO CULTURAL
650 #4 - PUNTO DE ACCESO ADICIONAL DE MATERIA--TÉRMINO DE MATERIA
Término de materia o nombre geográfico como elemento de entrada RELACIONES CULTURALES
650 #4 - PUNTO DE ACCESO ADICIONAL DE MATERIA--TÉRMINO DE MATERIA
Término de materia o nombre geográfico como elemento de entrada EDUCACION
700 1# - ENTRADA AGREGADA--NOMBRE PERSONAL
Nombre de persona Duggan, Carolina
Término indicativo de función/relación traductor
700 1# - ENTRADA AGREGADA--NOMBRE PERSONAL
Nombre de persona Olds, Glenn A.
Término indicativo de función/relación prologuista
942 ## - ELEMENTOS DE ENTRADA SECUNDARIOS (KOHA)
Tipo de ítem Koha Libros
998 ## - INFORMACIÓN DE CONTROL LOCAL (RLIN)
Iniciales del catalogador, CIN (RLIN) SILVI
Holdings
Estatus retirado Estado de pérdida Fuente de la clasificación o esquema de estantería Estado de daño No para préstamo Biblioteca de origen Biblioteca actual Fecha de adquisición Total de préstamos Signatura topográfica completa Código de barras Visto por última vez Precio de reemplazo Tipo de ítem Koha
    Clasificación Decimal Dewey     Liberty Liberty 28/11/2025   371.8 SPE 064041 28/11/2025 28/11/2025 Libros
    Clasificación Decimal Dewey     Liberty Liberty 28/11/2025   371.8 SPE 064042 28/11/2025 28/11/2025 Libros
    Clasificación Decimal Dewey     Liberty Liberty 28/11/2025   371.8 SPE 065951 28/11/2025 28/11/2025 Libros
    Clasificación Decimal Dewey     Liberty Liberty 28/11/2025   371.8 SPE 065957 28/11/2025 28/11/2025 Libros